Personas Juridicas de existencia posible. (Registro nro. 28447)

Detalles MARC
000 -LEADER
fixed length control field 00383 a2200109 4500
001 - CONTROL NUMBER
control field ART_23233
005 - DATE AND TIME OF LATEST TRANSACTION
control field 20260410161929.0
008 - FIXED-LENGTH DATA ELEMENTS--GENERAL INFORMATION
fixed length control field 260409a
100 1# - MAIN ENTRY--PERSONAL NAME
Personal name Paolantonio, R.
245 10 - TITLE STATEMENT
Title Personas Juridicas de existencia posible.
773 0# - HOST ITEM ENTRY
Title Revista de la Facultad de Ciencias Económicas de la Universidad de Cuyo
Related parts - Año II, Nº 6 (ago./dic. 1950)
Record control number REV22981

No hay ítems disponibles.